Konkurzy nie sú riešením

Bibliographic Details
Main Author: (pal, pf, mdé, nv) (Author)
Format: Article
Language:Slovak
ISSN:0862-9567
Subjects:

MARC

LEADER 00000nab a2200000 a 4500
001 vtls000652269
003 SK-MaSNL
005 20260302185842.0
008 140228c1998 xo 0 slo
015 |a SNBRA1998/02-02330 
035 |a CLN000004463 
040 |a SNKBUCL  |b slo  |c SNKBUCL  |e AACR2 
041 0 |a slo 
044 |a xo  |c SK 
080 |a 340.133:347.736  |2 1997 
080 |a 347.736  |2 1997 
080 |a 658.155:347.736  |2 1997 
100 0 |a (pal, pf, mdé, nv)  |4 aut  |9 903029 
245 1 0 |a Konkurzy nie sú riešením  |c [autor] (pal, pf, mdé, nv) 
650 0 7 |a konkurz (právo)  |x vyrovnanie (právo)  |x zákony  |x novelizácia  |2 snkbucl  |9 894173 
650 0 7 |a vyrovnanie (právo)  |2 snkbucl  |9 4616 
655 7 |a články z novín a časopisov  |2 snkbucl  |9 267496 
773 0 |t Hospodárske noviny  |g Roč. 6, č. 24 (5.2.1998), s. 7  |x 0862-9567 
850 |a Slovenská národná knižnica v Martine 
852 |a SNK  |b KIS3GCP 
992 |a RBX 
999 |c 1431221  |d 1433151